Zákon o službách zamestnanosti - vplyv novely na výrobné družstvá invalidov

Novela zákona o službách zamestanosti platná od 1. mája 2013. Ustanovenia, ktoré sa týkajú oblasti podpory zamestnávania občanov so zdravotným postihnutím.

Na minha lista:
Detalhes bibliográficos
Autor principal: Gajdová, Denisa, 1977-
Formato: Capítulo de Livro
Idioma:eslovaco
Assuntos:
Tags: Adicionar Tag
Sem tags, seja o primeiro a adicionar uma tag!

MARC

LEADER 00000nla a2200000 4500
001 0180469
005 20240502073056.9
041 0 |a slo 
044 |a SK 
245 1 0 |a Zákon o službách zamestnanosti - vplyv novely na výrobné družstvá invalidov  |c Denisa Gajdová 
520 |a Novela zákona o službách zamestanosti platná od 1. mája 2013. Ustanovenia, ktoré sa týkajú oblasti podpory zamestnávania občanov so zdravotným postihnutím. 
610 2 0 |a zákony 
610 2 0 |a novelizácia 
610 2 0 |a zamestnanosť 
610 2 0 |a invalidita 
610 2 0 |a invalidi 
610 2 0 |a družstvá výrobné 
100 1 |a Gajdová, Denisa, 1977-